000 00690cam a22002293a 4500
001 19480
003 PGUSA
005 20140828083419.0
008 061006s2006||||xxu|||||s|||||000 1 eng d
040 _aPGUSA
_beng
042 _adc
050 4 _aPS
100 1 _aKing, Charles,
_d1844-1933
245 1 0 _aRay's Daughter :
_bA Story of Manila
_h[electronic resource] /
_cCharles King
260 _bProject Gutenberg,
_c2006
506 _aPublic domain in the USA.
516 _aElectronic text
653 _aPhilippines -- History -- Philippine American War, 1899-1902 -- Fiction
830 0 _aProject Gutenberg
_v19480
856 4 0 _uhttp://www.gutenberg.org/ebooks/19480
942 _cEB
999 _c248735
_d248735